1978 1139 1301 1617 1184 1948 1768 1710 1965 1457 1939 1104 1152 1657 1932 1763 1503 1479 1418 1988 1758 1144 1990 1583 1866 1734 1475 1799 1911 1579 1458 1752 1244 1767 1326 1264 1689 1610 1263 1634 1233 1934 1205 1335 1188 1960 1257 1608 1942 1164 1128 1353 1838 1496 1156 1230 1497 1098 1895 1820 1348 1730 1490 1106 1712 1700 1699 1658 1015 1637 1284 1562 1029 1484 1093 1007 1082 1046 1075 1003 1423 1628 1756 1658 1440 1945 1161 1506 1167 1114 1294 1703 1860 1949 1903 1722 1655 1447 1635 BCNSPRNW ULIB Ver.6.0+V

เปลี่ยนเป็นภาษาไทย

Change to English
 แสดงรายละเอียดบรรณานุกรม
  กลับหน้าหลัก

Brief Record : Get Marc (ISO 2709) : E-mail record : QR code < ปิดหน้าต่าง
LEADER : 00000nam 2200000uu 4500
001    13399125117
003     ULIB
008    020711s2550 th a 000 0 tha d
020    9789749899267
090    นว.^bย731ค
100    โยโคมิโซะ เซชิ
245    คินดะอิจิยอดนักสืบ ตอนที่7 : คดีฆ่าตกรรม เพลงเล่นลูกบอลปีศาจ/^cโยโคมิโซะ เซชิ
260    กรุงเทพมหานคร :^bJBOOK,^c2550
300    337 หน้า
945    ^p230^l0^i022061
999    ^aทศพร
รายการนี้ยังไม่มีแท็ก
คุณยังไม่ได้ล็อกอิน คุณสามารถมีกิจกรรมร่วมกับเว็บไซต์ได้ แต่ต้องล็อกอินก่อน ::
  ล็อกอิน

รายการสื่อสารสนเทศ

ลำดับที่ ประเภท เลขเรียก/บาร์โค้ด สถานที่ สถานะ
1. นวนิยาย
นวนิยาย
นว. ย731ค ฉ.1 
  Barcode: 022061
ห้องสมุดวิทยาเขตสวรรค์ประชารักษ์
►หนังสือทั่วไป
บนชั้น

รายการใกล้เคียง
    ผู้แต่ง [โยโคมิโซะ เซชิ]

BibComment


ยังไม่เคยถูกคอมเมนท์

คอมเมนท์ทรัพยากรรายการนี้
  คอมเมนท์: คินดะอิจิยอดนักสื..


 Copyright 2026. Bcnsprnw @Library